Basic skills for Toef® iBT: Reading 1

Guardat en:
Dades bibliogràfiques
Autor principal: Macgillivray, Moraig
Format: Llibre
Idioma:Undetermined
Publicat: Compass Publishing 2008
Matèries:
Etiquetes: Afegir etiqueta
Sense etiquetes, Sigues el primer a etiquetar aquest registre!
Thư viện lưu trữ: Trung tâm Học liệu Trường Đại học Cần Thơ
LEADER 00696nam a2200229Ia 4500
001 CTU_183097
008 210402s9999 xx 000 0 und d
020 |c 109000 
082 |a 428.0076 
082 |b B311/R1 
100 |a Macgillivray, Moraig 
245 0 |a Basic skills for Toef® iBT: 
245 0 |b Reading 1 
245 0 |c Moraig Macgillivray, Kayang Gagiano 
260 |b Compass Publishing 
260 |c 2008 
650 |a English language,TOEFL iBT,Hướng dẫn học thi Tiếng Anh 
650 |x Study guides 
650 |y Examinations 
904 |i Mã hoá cutter theo tên sách 
910 |a Nguyên 
980 |a Trung tâm Học liệu Trường Đại học Cần Thơ